Responsive Membranes and Materials

Detaylı Bibliyografya
Diğer Yazarlar: Bhattacharyya D. (редактор), Schafer T. Thomas, Wickramasinghe S. R., Daunert S. Sylvia
Özet:The development of new multi-functional membranes and materials which respond to external stimuli, such as pH, temperature, light, biochemicals or magnetic or electrical signals, represents new approaches to separations, reactions, or recognitions. With multiple cooperative functions, responsive membranes and materials have applications which range from biopharmaceutical, to drug delivery systems to water treatment. Covering recent advances in the generation and application of responsive materials, topics covered include: Development and design of responsive membranes and materials Carbon nanotube membranes Tunable separations, reactions and nanoparticle synthesis Responsive membranes for water treatment Pore-filled membranes for drug release Biologically-inspired responsive materials and hydrogels Biomimetic polymer gels.
Dil:İngilizce
Baskı/Yayın Bilgisi: Chichester, Wiley, 2013
Konular:
Materyal Türü: Kitap
KOHA link:https://koha.lib.tpu.ru/cgi-bin/koha/opac-detail.pl?biblionumber=255254

MARC

LEADER 00000nam0a2200000 4500
001 255254
005 20231101233017.0
010 |a 9780470974308 
035 |a (RuTPU)RU\TPU\book\277759 
090 |a 255254 
100 |a 20140327d2013 k y0engy50 ba 
101 0 |a eng 
102 |a GB 
105 |a a z 001zy 
200 1 |a Responsive Membranes and Materials  |f editors D. Bhattacharyya [and oth.] 
210 |a Chichester  |c Wiley  |d 2013 
215 |a 405 p.  |c il. 
320 |a Index: p. 395-405. 
330 |a The development of new multi-functional membranes and materials which respond to external stimuli, such as pH, temperature, light, biochemicals or magnetic or electrical signals, represents new approaches to separations, reactions, or recognitions. With multiple cooperative functions, responsive membranes and materials have applications which range from biopharmaceutical, to drug delivery systems to water treatment. Covering recent advances in the generation and application of responsive materials, topics covered include: Development and design of responsive membranes and materials Carbon nanotube membranes Tunable separations, reactions and nanoparticle synthesis Responsive membranes for water treatment Pore-filled membranes for drug release Biologically-inspired responsive materials and hydrogels Biomimetic polymer gels. 
606 1 |a Мембранные процессы  |2 stltpush  |3 (RuTPU)RU\TPU\subj\31761  |9 54529 
606 1 |a Мембранная технология  |2 stltpush  |3 (RuTPU)RU\TPU\subj\31977  |9 54680 
610 1 |a мембраны 
610 1 |a мембранная техника 
610 1 |a мембранная фильтрация 
610 1 |a мембранная экстракция 
610 1 |a мембранные материалы 
610 1 |a внешние воздействия 
610 1 |a pH 
610 1 |a температура 
610 1 |a свет 
610 1 |a биологические мембраны 
610 1 |a применение 
610 1 |a очистка 
610 1 |a фармацевтическая продукция 
610 1 |a английский язык 
675 |a 66.081.6  |v 3 
675 |a 661.183.1  |v 3 
702 1 |a Bhattacharyya  |b D.  |4 340 
702 1 |a Schafer  |b T.  |g Thomas  |4 340 
702 1 |a Wickramasinghe  |b S. R.  |4 340 
702 1 |a Daunert  |b S.  |g Sylvia  |4 340 
801 1 |a RU  |b 63413507  |c 20140327 
801 2 |a RU  |b 63413507  |c 20141117  |g RCR 
942 |c BK 
959 |a 44/20140311  |d 1  |e 0  |f ЧЗИЛ:1